=LDR 00000nam 2200000 4500 =001 INLIS000000000810024 =005 20251006102218 =035 ##$$a 0010-1025000007 =100 ##$$a Aang Sonhaji =245 1#$$a Mari Beternak Ayam Arab /$c Aang Sonhaji,S.P =250 ##$$a Cet.1 =260 ##$$a Bandung : :$b CV Gaza Publising,,$c 2008 =300 ##$$a 60 hlm : $b Ilus. ; $c 21 cm =850 ##$$a JIPUBAY =990 ##$$a 2079/KPADBWI/2016 =990 ##$$a 2079/KPADBWI/2016 =990 ##$$a 2079/KPADBWI/2016 =007 ta =008 251006###########################0#ind## =020 ##$$a 602-8133-00-5 =082 ##$$a 636.089 =084 ##$$a 636.089 AAN m =040 ##$$a JIPUBAY